La Proteccin̤ social de los trabajadores a tiempo parcial y fijos discontinuos

Bibliographic Details
Main Author: Lp̤ez Ganda̕, Juan
Other Authors: Toscani Gimňez, Daniel
Format: Book
Language:Spanish
Published: Albacete : Bomarzo, 2010
Series:Bs̀icos de derecho social ; 49
Subjects:
Online Access:Acceso restringido

MARC

LEADER 00000nam a2200000 a 4500
005 20111212130035.0
007 cr|||| ||||
008 100315s2010 sp 001 0 spa c
017 |a DL AB. 5-2010 
020 |a 9788415000020 
035 |a 5952 
040 |a vLex 
080 |a 331.106.22(460) 
090 |c 2821  |d 2821 
100 1 |a Lp̤ez Ganda̕, Juan 
245 1 3 |a La Proteccin̤ social de los trabajadores a tiempo parcial y fijos discontinuos   |h [Recurso electrn̤ico] /  |c Juan Lp̤ez Ganda̕, Daniel Toscani Gimňez 
256 |a Servicio en ln̕ea 
260 |a Albacete :  |b Bomarzo,  |c 2010 
300 |a 1 recurso electrn̤ico 
490 0 |a Bs̀icos de derecho social ;  |v 49 
506 1 |a Contenido solo disponible en los productos indicados  |d vLex Global   |d vLex Global (Academic Edition, excluding Law Schools)   |d vLex Global (U.S. Academic Edition, Law Schools)   |d vLex Global (U.S. Academic Edition, excluding Law Schools)   |d vLex Global (Academic Edition, Law Schools)  
650 0 4 |a Trabajo a tiempo parcial  |z Espaą 
650 0 4 |a Derecho de trabajo  |z Espaą 
700 1 |a Toscani Gimňez, Daniel 
740 0 |a vLex Libros (Servicio en ln̕ea) 
856 4 0 |u http://vlex.com/source/5952  |z Acceso restringido 
942 |c BOOK 
999 0 |a Labor laws and legislation 
999 0 |a Part-time employment